=LDR 00000nam 2200000 4500 =001 INLIS000000000014127 =005 20130612105423 =008 ***********************************Ind** =035 ##$$0010-061300000014127 =041 ##$$a Ind =082 ##$$a 332.1 =090 ##$$a 332.1, Ban b =245 ##$$a Bank syariah, Konsep,produk dan implementasi operasional, Tim Pengembangan Perbankan Syariah =260 ##$$a 2003 $b Jakarta =300 ##$$a xviii, 419 hlm, Ilus, 23 cm =650 ##$$a Bank Islam =850 ##$$a NBPNMAT